| 000 | 00794nam a22002657a 4500 | ||
|---|---|---|---|
| 003 | CHAP | ||
| 005 | 20220329140538.0 | ||
| 008 | 971013s1885 mx r 00010 spa d | ||
| 010 | _a53677 | ||
| 011 | _a54649 | ||
| 035 | _a58800 | ||
| 040 | _cCHAP | ||
| 082 | 0 | 4 |
_a631.6 _bR8 |
| 100 | 0 | 0 |
_aRuiz de Velasco, Felipe. _9100648 |
| 245 | 1 | _aBreve relación sobre el drenaje según se práctica en la hacienda Zacatepec | |
| 260 |
_aMéxico, D. F. : _bSecretaría de Fomento, _c1885 |
||
| 300 | _a12 p. | ||
| 590 |
_aBATCH-UPD _b10 _c20130110 _lUCH01 _h0319 |
||
| 590 |
_aBATCH-UPD _b10 _c20130110 _lUCH01 _h1423 |
||
| 590 |
_aCONVERSION _b10 _c20130109 _lUCH01 _h1329 |
||
| 650 | 1 | 4 |
_aDrenaje. _934190 |
| 901 | _aBK | ||
| 942 | _cLIBRO | ||
| 949 |
_a631.6 R8 _bBC _cBPA _d-127447 _eBPA _h21800 _i58800 _si |
||
| 999 |
_c53677 _d53677 |
||